Vereinslegenden der Bundesliga ab 2000 #1 - Statistiken

Allgemein
  • Dieses Quiz wurde 291 mal gespielt
  • Das Durchschnittsergebnis liegt bei 7 aus 15
Antwortstatistiken
Hint Antwort % Korrekt
Stürmte zwischen 2006-2018 für die Werkself Stefan Kießling
93%
In Kopenhagen geboren, seit 2013 in Leipzig Yussuf Poulsen
79%
Sowohl als Spieler, als auch als Trainer eine Legende des Hauptstadtclubs Pál Dárdai
78%
Als Verteidiger 240 Spiele für Schalke 04 Benedikt Höwedes
57%
Spätestens nachdem er 2015 Torschützenkönig wurde, eine Legende seines Vereins Alexander Meier
54%
Ursprünglich aus Sachsen, wurde jedoch in Wolfsburg zur Legende Maximilian Arnold
50%
Nach über 10 Jahren beim Club ging es für ihn zurück nach Argentinien Javier Pinola
48%
Spieler für Gladbach und die Deutsche Nationalmannschaft 2006 Oliver Neuville
45%
Kam 1999 aus Franken nach Bremen und wurde dort in den nächsten 10 Jahren zur Legende Frank Baumann
40%
Bundesliga-Rekord und Meister 2007 mit dem VfB Timo Hildebrand
35%
Seit der Jugend - bis heute bei den Mainzern aktiv Stefan Bell
34%
Nach Anläufen in München und Wolfsburg wurde er beim FC Augsburg zur Legende Daniel Baier
29%
Stand nach langer Verletzung 2013 mit dem BVB im Champions League Finale Neven Subotic
20%
Wechselte 2008 zum Aufsteiger und war später bis 2015 Kapitän der Mannschaft Andreas Beck
9%
Rekord-Bundesligaspieler für die Löwen Harald Cerny
4%
Keine übereinstimmenden Quizze gefunden
Verteilung der Resultate
Anzahl Personen mit jedem Resultat
Perzentil nach korrekt beantworteten Fragen
Ihre Resultats-Entwicklung
Sie haben dieses Quiz noch nicht gespielt